MARC details
| 000 -LEADER |
| fixed length control field |
02010cam a22004334a 4500 |
| 001 - CONTROL NUMBER |
| control field |
15501416 |
| 003 - CONTROL NUMBER IDENTIFIER |
| control field |
EG-ScBUE |
| 005 - DATE AND TIME OF LATEST TRANSACTION |
| control field |
20220125093258.0 |
| 008 - FIXED-LENGTH DATA ELEMENTS--GENERAL INFORMATION |
| fixed length control field |
081027s2009 mauab f b 001 0 eng d |
| 020 ## - INTERNATIONAL STANDARD BOOK NUMBER |
| International Standard Book Number |
0071276084 |
| 020 ## - INTERNATIONAL STANDARD BOOK NUMBER |
| International Standard Book Number |
9780071276085 |
| 040 ## - CATALOGING SOURCE |
| Original cataloging agency |
Nz |
| Language of cataloging |
eng |
| Description conventions |
rda |
| Transcribing agency |
UW1 |
| Modifying agency |
YDXCP |
| -- |
DLC |
| -- |
EG-ScBUE |
| 082 04 - DEWEY DECIMAL CLASSIFICATION NUMBER |
| Classification number |
658.049 |
| Item number |
PHA |
| Edition number |
22 |
| 100 1# - MAIN ENTRY--PERSONAL NAME |
| Personal name |
Phatak, Arvind V., |
| Relator term |
author. |
| 9 (RLIN) |
29014 |
| 245 10 - TITLE STATEMENT |
| Title |
International management : |
| Remainder of title |
managing in a diverse and dynamic global environment / |
| Statement of responsibility, etc |
Arvind V. Phatak, Temple University, Rabi S. Bhagat, University of Memphis, Roger J. Kashlak, Loyola College in Maryland. |
| 250 ## - EDITION STATEMENT |
| Edition statement |
Second edition. |
| 264 #1 - PUBLICATION, DISTRIBUTION, ETC. (IMPRINT) |
| Place of publication, distribution, etc |
Boston : |
| Name of publisher, distributor, etc |
Mc-Graw Hill, |
| Date of publication, distribution, etc |
2009. |
| 300 ## - PHYSICAL DESCRIPTION |
| Extent |
xviii, 540 pages : |
| Other physical details |
illustrations, maps ; |
| Dimensions |
26 cm |
| 336 ## - CONTENT TYPE |
| Source |
rdacontent |
| Content type term |
text |
| Content type code |
txt |
| 337 ## - MEDIA TYPE |
| Source |
rdamedia |
| Media type term |
unmediated |
| Media type code |
n |
| 338 ## - CARRIER TYPE |
| Source |
rdacarrier |
| Carrier type term |
volume |
| Carrier type code |
nc |
| 504 ## - BIBLIOGRAPHY, ETC. NOTE |
| Bibliography, etc |
Includes bibliographical references and index. |
| 650 #7 - SUBJECT ADDED ENTRY--TOPICAL TERM |
| Topical term or geographic name as entry element |
International business enterprises |
| General subdivision |
Management. |
| Source of heading or term |
BUEsh |
| 9 (RLIN) |
29015 |
| 650 #7 - SUBJECT ADDED ENTRY--TOPICAL TERM |
| Topical term or geographic name as entry element |
Strategic planning. |
| Source of heading or term |
BUEsh |
| 9 (RLIN) |
29016 |
| 650 #7 - SUBJECT ADDED ENTRY--TOPICAL TERM |
| Topical term or geographic name as entry element |
Intercultural communication. |
| Source of heading or term |
BUEsh |
| 9 (RLIN) |
29017 |
| 650 #7 - SUBJECT ADDED ENTRY--TOPICAL TERM |
| Topical term or geographic name as entry element |
Diversity in the workplace |
| General subdivision |
Management. |
| Source of heading or term |
BUEsh |
| 9 (RLIN) |
29018 |
| 650 #7 - SUBJECT ADDED ENTRY--TOPICAL TERM |
| Topical term or geographic name as entry element |
Industrial management. |
| Source of heading or term |
BUEsh |
| 9 (RLIN) |
29019 |
| 650 #0 - SUBJECT ADDED ENTRY--TOPICAL TERM |
| Topical term or geographic name as entry element |
International business enterprises |
| General subdivision |
Management |
| Form subdivision |
Case studies. |
| 9 (RLIN) |
29020 |
| Source of heading or term |
BUEsh |
| 651 ## - SUBJECT ADDED ENTRY--GEOGRAPHIC NAME |
| Source of heading or term |
BUEsh |
| 653 ## - INDEX TERM--UNCONTROLLED |
| Arrived date list |
February2012 |
| Resource For college |
BAEPS, Business Administration |
| 655 ## - INDEX TERM--GENRE/FORM |
| Form subdivision |
Reading book |
| 9 (RLIN) |
34232 |
| 700 1# - ADDED ENTRY--PERSONAL NAME |
| Personal name |
Bhagat, Rabi S., |
| Dates associated with a name |
1950- |
| Relator term |
author. |
| 9 (RLIN) |
29021 |
| 700 1# - ADDED ENTRY--PERSONAL NAME |
| Personal name |
Kashlak, Roger J., |
| Relator term |
author. |
| 9 (RLIN) |
29022 |
| 856 42 - ELECTRONIC LOCATION AND ACCESS |
| Materials specified |
Contributor biographical information |
| Uniform Resource Identifier |
<a href="http://www.loc.gov/catdir/enhancements/fy0912/2008940396-b.html">http://www.loc.gov/catdir/enhancements/fy0912/2008940396-b.html</a> |
| 856 42 - ELECTRONIC LOCATION AND ACCESS |
| Materials specified |
Publisher description |
| Uniform Resource Identifier |
<a href="http://www.loc.gov/catdir/enhancements/fy0912/2008940396-d.html">http://www.loc.gov/catdir/enhancements/fy0912/2008940396-d.html</a> |
| 856 41 - ELECTRONIC LOCATION AND ACCESS |
| Materials specified |
Table of contents only |
| Uniform Resource Identifier |
<a href="http://www.loc.gov/catdir/enhancements/fy0912/2008940396-t.html">http://www.loc.gov/catdir/enhancements/fy0912/2008940396-t.html</a> |
| 942 ## - ADDED ENTRY ELEMENTS (KOHA) |
| Source of classification or shelving scheme |
Dewey Decimal Classification |
| Koha item type |
Book - Borrowing |